Fantasia para dois coronéis e uma piscina (Registo nº 199609)

Detalhes MARC
000 -Etiqueta do registo
Valores 00617nam 22002293 4500
010 ## - Número ISBN
ISBN 9728972-0-0475-1
021 ## - Número do Depósito Legal
Número 388670/15
Código do país Portugal
100 ## - Dados gerais de processamento
Dados gerais 20231019d u||y0pory50 ba
101 ## - Língua de publicação
Língua Português
102 ## - País de publicação
País Portugal
200 ## - Titulo e menção de responsabilidade
Título próprio Fantasia para dois coronéis e uma piscina
Primeira menção de responsabilidade Mário de Carvalho
205 ## - Menção da edição
Edição
210 ## - Publicação
Local de publicação Lisboa
Nome do editor Porto Editora
Data de publicação 2015
215 ## - Descrição física 
Paginação / Volumes 236, [4] p.
Outras indicações físicas Brochado
Dimensões 21 cm
606 ## - Nome comum usado como assunto
Palavra de ordem Literatura Portuguesa
ID Autoridade 6
675 ## - CDU
Notação 821.134.3-3
Edição PT
Língua por
700 ## - Autor principal (pessoa individual)
ID Autoridade 1823
Apelido Carvalho
Nome Mário de
Datas 1944-
801 ## - Fonte de origem
País PT
Agência BMMN
Regras de catalogação RPC
830 ## - Notas gerais do catalogador
Criado por Ana
Indexado por Ana
990 ## - Elementos KOHA
Tipo de documento Livro
Exemplares
Situação do levantamento Biblioteca de origem Código de barras Cota Permissão de empréstimo Tipo de documento Forma de aquisição
  Biblioteca Municipal de Montemor-o-Novo 28527 821.134.3-3 CAR|DEP   Livro Compra

Powered by Koha